| 000 | 006550000a22002050004500 | ||
|---|---|---|---|
| 003 | LK-CoMWRAF | ||
| 005 | 20240315094642.0 | ||
| 008 | 230817t1997 ||||| |||| 00| 0 eng d | ||
| 020 | _a2017118032425 | ||
| 040 |
_aLK-CoMWRAF _dLK-CoMWRAF _eLK-CoMWRAF |
||
| 041 | _atam | ||
| 082 |
_a923 _bRAM |
||
| 100 |
_aராமகிருஷ்ணன், என். _vRamakrishnan, N |
||
| 245 |
_aஈ.வெ.ரா. பெரியார்: _bவாழ்வும் பணியும் |
||
| 246 | _aE.V.R Periyar : Vazhvum Paniyum | ||
| 260 |
_aMadras: _bSouth Asian Books, _c1997 |
||
| 300 | _a203 p. | ||
| 650 | _aSOCIAL ACTIVIST-India | ||
| 942 | _cBK | ||
| 999 |
_c2828 _d2828 |
||